Big 4 Sports Teams With Unique Stadium Names - Statistics

General Stats
  • This quiz has been taken 177 times
  • The average score is 6 of 9
Answer Stats
Stadium Team % Correct
Orioles Park at Camden Yards Baltimore Orioles
94%
Empower Field at Mile High Denver Broncos
92%
GEHA Field at Arrowhead Kansas City Chiefs
89%
Caesars Superdome New Orleans Saints
83%
Great American Ballpark Cincinnati Reds
67%
Scotiabank Saddledome Calgary Flames
61%
Intuit Dome Los Angeles Clippers
49%
Rogers Place Edmonton Oilers
46%
Gainbridge Fieldhouse Indiana Pacers
42%
No matching quizzes found
Score Distribution
Percent of People with Each Score
Percentile by Number Answered
Your Score History
You have not taken this quiz